Východiská k analýze prechodu krajín východnej Európy k demokracii a pluralizmu
V 90. rokoch minulého storočia rad krajín východnej Európy zahájil a realizoval série reforiem. Ich koncepcia, intenzita a mechanizmy aj keď boli deklarované totožným cieľom, boli značne rozdielne. Snaha o pochopenie spoločného a rozdielneho. Snaha autora o pracovné rozlíšenie troch skupín krajín, k...
Na minha lista:
| Autor principal: | |
|---|---|
| Formato: | Capítulo de Livro |
| Idioma: | eslovaco |
| Assuntos: | |
| Tags: |
Sem tags, seja o primeiro a adicionar uma tag!
|
MARC
| LEADER | 00000naa$a2200000$$$4500 | ||
|---|---|---|---|
| 001 | 0036701 | ||
| 005 | 20221207104703.9 | ||
| 041 | 0 | |a slo | |
| 044 | |a SK | ||
| 245 | 1 | 0 | |a Východiská k analýze prechodu krajín východnej Európy k demokracii a pluralizmu |c Miloslav Haas |
| 520 | |a V 90. rokoch minulého storočia rad krajín východnej Európy zahájil a realizoval série reforiem. Ich koncepcia, intenzita a mechanizmy aj keď boli deklarované totožným cieľom, boli značne rozdielne. Snaha o pochopenie spoločného a rozdielneho. Snaha autora o pracovné rozlíšenie troch skupín krajín, ktoré sa napriek spoločnému smerovaniu značne odlišovali v motívoch determinujúcich jednotlivé postupnosti. Prvá skupina - Česko, Poľsko, Maďarsko, Estónsko, druhá skupina - Slovensko, Litva, Lotyšsko, tretia skupina - Ukrajina, Moldavsko, Bulharsko, Rumunsko. | ||
| 610 | 2 | 0 | |a SVE |
| 610 | 2 | 0 | |a demokratizácia |
| 610 | 2 | 0 | |a pluralizmus |
| 610 | 2 | 0 | |a analýzy |
| 100 | 1 | |a Haas, Miloslav | |